000 00551nam a22002057a 4500
003 UA-OsUOA
001 38325
007 ta
008 20071127b un ||||| |||| 00| 0 ukr d
090 _a81
942 _cBR
040 _aUA-OsUOA
_bukr
_cUA-OsUOA
_dUA-OsUOA
245 _aTeaching Materials for The Ukrainians Language
955 _a4
041 _aukr
080 _a81
260 _aЕдмонтон
_c1977
650 7 _a8 Мовознавство. Художня література. Літературознавство
_2UDC
999 _c436854
_d436854